Most Popular Songs of 1980's - Statistics

General Stats
  • This quiz has been taken 46 times
  • The average score is 6 of 10
Answer Stats
Year and Singer(s) Song % Correct
1983 - The Police Every Breath You Take
81%
1980 - Blondie Call Me
79%
1985 - Wham! Careless Whisper
70%
1982 - Olivia Newton-Junior Physical
70%
1987 - The Bangles Walk Like An Egyptian
70%
1988 - George Michael Faith
47%
1984 - Prince When Doves Cry
47%
1981 - Kim Carnes Bette Davis Eyes
44%
1986 - Dionne and Friends That's What Friends Are For
44%
1989 - Chicago Look Away
12%
No matching quizzes found
Score Distribution
Percent of People with Each Score
Percentile by Number Answered
Your Score History
You have not taken this quiz